| 000 | 00440nam a2200133Ia 4500 | ||
|---|---|---|---|
| 008 | 220216s9999 xx 000 0 und d | ||
| 100 | _aPautrat R | ||
| 245 | 0 | _aChanges occurring in natural rubber through the action of chlorosulphonyl isocyanate | |
| 260 | _bProceedings of the International Rubber Conference, Kuala Lumpur. V.4, 1975; p267-277 | ||
| 650 | _aNatural rubber | ||
| 700 | _aMarteau J | ||
| 700 | _aMetivier B | ||
| 942 | _cJS | ||
| 999 |
_c55341 _d55341 |
||